German Cities - Sudden Death - Statistics

General Stats
  • This quiz has been taken 2,140 times
    834 since last reset
  • The average score is 7 of 14
Answers on the Grid
Answers color-coded by a green-red scale on the quiz's grid according to % correct below.
Mulhouse
Grevenmacher
Hamburg
Schaffhausen
Augsburg
Reims
Jena
Feldberg
Oldenburg
Wels
Biel
Worms
Magdeburg
Chemnitz
Triesen
Triesenberg
Bochum
Berwartstein
Nuremberg
Villach
Metz
Erfurt
Enschede
Wolfsburg
Kielce
Homburg
Kassel
Mechelen
Neuenburg
Bayreuth
 
Answer Stats
Answer % Correct
Hamburg
94%
Nuremberg
68%
Augsburg
67%
Bochum
51%
Magdeburg
51%
Wolfsburg
50%
Worms
46%
Erfurt
43%
Chemnitz
42%
Oldenburg
40%
Kassel
39%
Jena
37%
Bayreuth
30%
Homburg
18%
No matching quizzes found
Score Distribution
Percent of People with Each Score
Percentile by Number Answered
Your Score History
You have not taken this quiz since the last reset